<?xml version="1.0" encoding="UTF-8"?>
<record
    xmlns:xsi="http://www.w3.org/2001/XMLSchema-instance"
    xsi:schemaLocation="http://www.loc.gov/MARC21/slim http://www.loc.gov/standards/marcxml/schema/MARC21slim.xsd"
    xmlns="http://www.loc.gov/MARC21/slim">

  <leader>01729nam a2200181Ia 4500</leader>
  <controlfield tag="008">151202s9999||||xx |||||||||||||| ||und||</controlfield>
  <datafield tag="082" ind1=" " ind2=" ">
    <subfield code="b">PNVM-124612</subfield>
  </datafield>
  <datafield tag="100" ind1=" " ind2=" ">
    <subfield code="a">&#x938;&#x902;&#x92A;&#x93E;. &#x92D;&#x941;&#x930;&#x915;&#x947; &#x905;&#x928;&#x902;&#x924; &#x930;&#x93E;&#x92E;&#x91A;&#x902;&#x926;&#x94D;&#x930; 1140 &#x92C;&#x941;&#x927;&#x935;&#x93E;&#x930; &#x92A;&#x947;&#x920; &#x924;&#x941;&#x933;&#x936;&#x940;&#x92C;&#x93E;&#x917; &#x92A;&#x941;&#x923;&#x947; 411 002.</subfield>
  </datafield>
  <datafield tag="245" ind1=" " ind2=" ">
    <subfield code="a">&#x935;&#x93F;&#x930;&#x93E;&#x91F; &#x935;&#x93F;&#x936;&#x94D;&#x200D;&#x935;&#x915;&#x930;&#x94D;&#x92E;&#x93E; &#x92E;&#x939;&#x93E;&#x924;&#x94D;&#x92E;&#x94D;&#x92F; &#x91A;&#x930;&#x93F;&#x924;&#x94D;&#x930; &#x915;&#x935;&#x91A; &#x938;&#x94D;&#x924;&#x94B;&#x924;&#x94D;&#x930; &#x938;&#x93F;&#x926;&#x94D;&#x927;&#x940; &#x909;&#x92A;&#x928;&#x93F;&#x937;&#x926;&#x936;&#x924;&#x928;&#x93E;&#x92E;&#x93E;&#x935;&#x932;&#x940; &#x915;&#x925;&#x93E;&#x938;&#x93E;&#x930; &#x92A;&#x942;&#x91C;&#x93E; &#x938;&#x942;&#x915;&#x94D;&#x924; &#x938;&#x902;&#x938;&#x94D;&#x915;&#x943;&#x924; &#x92E;&#x930;&#x93E;&#x920;&#x940;.</subfield>
  </datafield>
  <datafield tag="260" ind1=" " ind2=" ">
    <subfield code="b">&#x92D;&#x941;&#x930;&#x915;&#x947; &#x905;&#x928;&#x902;&#x924; &#x930;&#x93E;&#x92E;&#x91A;&#x902;&#x926;&#x94D;&#x930; 1140 &#x92C;&#x941;&#x927;&#x935;&#x93E;&#x930; &#x92A;&#x947;&#x920; &#x924;&#x941;&#x933;&#x936;&#x940;&#x92C;&#x93E;&#x917; &#x92A;&#x941;&#x923;&#x947; 411 002.</subfield>
  </datafield>
  <datafield tag="260" ind1=" " ind2=" ">
    <subfield code="c">1968</subfield>
  </datafield>
  <datafield tag="300" ind1=" " ind2=" ">
    <subfield code="a">80</subfield>
  </datafield>
  <datafield tag="600" ind1=" " ind2=" ">
    <subfield code="a">&#x938;&#x902;&#x92A;&#x93E;. &#x92D;&#x941;&#x930;&#x915;&#x947; &#x905;&#x928;&#x902;&#x924; &#x930;&#x93E;&#x92E;&#x91A;&#x902;&#x926;&#x94D;&#x930; 1140 &#x92C;&#x941;&#x927;&#x935;&#x93E;&#x930; &#x92A;&#x947;&#x920; &#x924;&#x941;&#x933;&#x936;&#x940;&#x92C;&#x93E;&#x917; &#x92A;&#x941;&#x923;&#x947; 411 002.</subfield>
  </datafield>
  <datafield tag="630" ind1=" " ind2=" ">
    <subfield code="a">&#x935;&#x93F;&#x930;&#x93E;&#x91F; &#x935;&#x93F;&#x936;&#x94D;&#x200D;&#x935;&#x915;&#x930;&#x94D;&#x92E;&#x93E; &#x92E;&#x939;&#x93E;&#x924;&#x94D;&#x92E;&#x94D;&#x92F; &#x91A;&#x930;&#x93F;&#x924;&#x94D;&#x930; &#x915;&#x935;&#x91A; &#x938;&#x94D;&#x924;&#x94B;&#x924;&#x94D;&#x930; &#x938;&#x93F;&#x926;&#x94D;&#x927;&#x940; &#x909;&#x92A;&#x928;&#x93F;&#x937;&#x926;&#x936;&#x924;&#x928;&#x93E;&#x92E;&#x93E;&#x935;&#x932;&#x940; &#x915;&#x925;&#x93E;&#x938;&#x93E;&#x930; &#x92A;&#x942;&#x91C;&#x93E; &#x938;&#x942;&#x915;&#x94D;&#x924; &#x938;&#x902;&#x938;&#x94D;&#x915;&#x943;&#x924; &#x92E;&#x930;&#x93E;&#x920;&#x940;.</subfield>
  </datafield>
  <datafield tag="700" ind1=" " ind2=" ">
    <subfield code="a">&#x938;&#x902;&#x92A;&#x93E;. &#x92D;&#x941;&#x930;&#x915;&#x947; &#x905;&#x928;&#x902;&#x924; &#x930;&#x93E;&#x92E;&#x91A;&#x902;&#x926;&#x94D;&#x930; 1140 &#x92C;&#x941;&#x927;&#x935;&#x93E;&#x930; &#x92A;&#x947;&#x920; &#x924;&#x941;&#x933;&#x936;&#x940;&#x92C;&#x93E;&#x917; &#x92A;&#x941;&#x923;&#x947; 411 002.</subfield>
  </datafield>
  <datafield tag="730" ind1=" " ind2=" ">
    <subfield code="a">&#x935;&#x93F;&#x930;&#x93E;&#x91F; &#x935;&#x93F;&#x936;&#x94D;&#x200D;&#x935;&#x915;&#x930;&#x94D;&#x92E;&#x93E; &#x92E;&#x939;&#x93E;&#x924;&#x94D;&#x92E;&#x94D;&#x92F; &#x91A;&#x930;&#x93F;&#x924;&#x94D;&#x930; &#x915;&#x935;&#x91A; &#x938;&#x94D;&#x924;&#x94B;&#x924;&#x94D;&#x930; &#x938;&#x93F;&#x926;&#x94D;&#x927;&#x940; &#x909;&#x92A;&#x928;&#x93F;&#x937;&#x926;&#x936;&#x924;&#x928;&#x93E;&#x92E;&#x93E;&#x935;&#x932;&#x940; &#x915;&#x925;&#x93E;&#x938;&#x93E;&#x930; &#x92A;&#x942;&#x91C;&#x93E; &#x938;&#x942;&#x915;&#x94D;&#x924; &#x938;&#x902;&#x938;&#x94D;&#x915;&#x943;&#x924; &#x92E;&#x930;&#x93E;&#x920;&#x940;.</subfield>
  </datafield>
  <datafield tag="942" ind1=" " ind2=" ">
    <subfield code="c">BOOK</subfield>
  </datafield>
  <datafield tag="999" ind1=" " ind2=" ">
    <subfield code="c">1354740</subfield>
    <subfield code="d">1354737</subfield>
  </datafield>
  <datafield tag="952" ind1=" " ind2=" ">
    <subfield code="0">0</subfield>
    <subfield code="1">0</subfield>
    <subfield code="4">0</subfield>
    <subfield code="7">0</subfield>
    <subfield code="a">PNVM</subfield>
    <subfield code="b">PNVM</subfield>
    <subfield code="d">2015-06-21</subfield>
    <subfield code="g">0.00</subfield>
    <subfield code="l">0</subfield>
    <subfield code="o">PNVM-124612</subfield>
    <subfield code="p">PNVM-124612</subfield>
    <subfield code="r">2015-12-02 00:00:00</subfield>
    <subfield code="v">0.00</subfield>
    <subfield code="w">2015-12-02</subfield>
    <subfield code="y">BOOK</subfield>
  </datafield>
</record>
